Challenges for Macroeconomic Modelling

Gespeichert in:
Bibliographische Detailangaben
Weitere Verfasser: Driehuis, W.
Format: Buch
Sprache:Englisch
Veröffentlicht: Amsterdam North-Holland 1988
Ausgabe:1. ed.
Schriftenreihe:Contributions to Economic Analysis 178
Tags: Tag hinzufügen
Keine Tags, Fügen Sie das erste Tag hinzu!

MARC

LEADER 00000nam a2200000 4500
001 c025621
005 20221219115951.2
041 0 |a eng 
044 |a NL 
245 1 0 |a Challenges for Macroeconomic Modelling  |c Edit. W. Driehuis 
250 |a 1. ed. 
264 1 |a Amsterdam  |b North-Holland  |c 1988 
300 |a 487 s. 
490 1 |a Contributions to Economic Analysis  |v 178 
830 0 |a Contributions to Economic Analysis  |v 178 
700 1 |a Driehuis, W.